La enfermedad y sus metáforas. El Sida y sus metáforas. / (Registro nro. 3311)

Detalles MARC
000 -CABECERA
campo de control de longitud fija 01165nam a2200289 a 4500
001 - NÚMERO DE CONTROL
campo de control ES-MaREB01051073-1
003 - IDENTIFICADOR DEL NÚMERO DE CONTROL
campo de control AR-RoIUNI
005 - FECHA Y HORA DE LA ÚLTIMA TRANSACCIÓN
campo de control 20260309102339.0
007 - CAMPO FIJO DE DESCRIPCIÓN FÍSICA--INFORMACIÓN GENERAL
campo de control de longitud fija ta
008 - DATOS DE LONGITUD FIJA--INFORMACIÓN GENERAL
campo de control de longitud fija 091216s2008 esp fr 001 0 spa d
020 ## - NÚMERO INTERNACIONAL ESTÁNDAR DEL LIBRO
Número Internacional Estándar del Libro 9789875668508
040 ## - FUENTE DE LA CATALOGACIÓN
Centro catalogador/agencia de origen XLPV
Centro/agencia transcriptor AR-RoIUNI
Lengua de catalogación spa
Normas de descripción aarc2
080 ## - NÚMERO DE LA CLASIFICACIÓN DECIMAL UNIVERSAL
Número de la Clasificación Decimal Universal 316 SON
100 1# - ENTRADA PRINCIPAL--NOMBRE DE PERSONA
Nombre de persona Sontag, Susan
245 13 - MENCIÓN DE TÍTULO
Título La enfermedad y sus metáforas. El Sida y sus metáforas. /
Mención de responsabilidad, etc. Susan Sontag ; traduccion de Mario Muchnik ; revisada por Aurelio Major.
250 ## - MENCIÓN DE EDICIÓN
Mención de edición 1a. ed.
260 ## - PUBLICACIÓN, DISTRIBUCIÓN, ETC. (PIE DE IMPRENTA)
Lugar de publicación, distribución, etc. Buenos Aires :
Nombre del editor, distribuidor, etc. Debolsillo,
Fecha de publicación, distribución, etc. 2012.
300 ## - DESCRIPCIÓN FÍSICA
Extensión 205 p. ;
Dimensiones 20 cm
490 0# - MENCIÓN DE SERIE
Mención de serie Contemporánea
520 ## - SUMARIO, ETC.
Sumario, etc. Gran pensadora y escritora norteamericana, su lucha con el cáncer de mama y de útero la motivó a escribir esta obra. El texto es un alegato a favor de la dignidad del ser humano y de la responsabilidad que todos los ciudadanos tienen, respecto a las enfermedades y las punitivas fantasías que generan.
650 10 - PUNTO DE ACCESO ADICIONAL DE MATERIA--TÉRMINO DE MATERIA
Término de materia o nombre geográfico como elemento inicial Enfermedades Transmisibles
Subdivisión general En la literatura
9 (RLIN) 388
650 14 - PUNTO DE ACCESO ADICIONAL DE MATERIA--TÉRMINO DE MATERIA
Término de materia o nombre geográfico como elemento inicial Sida
700 ## - PUNTO DE ACCESO ADICIONAL--NOMBRE DE PERSONA
Nombre de persona Muchnik, Mario
Término indicativo de función/relación trad.
700 ## - PUNTO DE ACCESO ADICIONAL--NOMBRE DE PERSONA
Nombre de persona Major, Aurelio
Término indicativo de función/relación rev.
740 3# - PUNTO DE ACCESO ADICIONAL--TÍTULO RELACIONADO O ANALÍTICO NO CONTROLADO
Título relacionado o analítico no controlado El Sida y sus metaforas.
942 ## - ELEMENTOS DE PUNTO DE ACCESO ADICIONAL (KOHA)
Fuente del sistema de clasificación o colocación Clasificación Decimal Universal
Tipo de ítem Koha Libros
Existencias
Estado de retiro Estado de pérdida Fuente del sistema de clasificación o colocación Estado dañado Restricciones de uso Excepción de préstamo Código de colección Localización permanente Ubicación/localización actual Ubicación en estantería Fecha de adquisición Número de inventario Total de préstamos Signatura topográfica completa Código de barras Fecha visto por última vez Número de copia Tipo de ítem Koha
    Clasificación Decimal Universal   Consulta en biblioteca No sale Enfermería BIBLIOTECA CRESPO BIBLIOTECA CRESPO BIBLIOTECA CRESPO 10/01/2019 3409   316 SON 3409c 23/09/2016 1 Libros